L'assoluzione generale nel Codice di Diritto Canonico, cann. 961-963, alla luce della dottrina del Concilio di Trento sull'integrità della confessione sacramentale

Αποθηκεύτηκε σε:
Λεπτομέρειες βιβλιογραφικής εγγραφής
Κύριος συγγραφέας: Kubiak, Piotr (Συγγραφέας)
Μορφή: Βιβλίο
Γλώσσα:Ιταλικά
Έκδοση: Roma Pontificia Università Gregoriana 1996
Σειρά:Tesi Gregoriana. Serie Diritto Canonico, 7
Θέματα:
Ετικέτες: Προσθήκη ετικέτας
Δεν υπάρχουν, Καταχωρήστε ετικέτα πρώτοι!

MARC

LEADER 00000nam a2200000 a 4500
001 UCL0550
003 CL-VaPUC
008 030728e19960000IT |||||||||||||||||ita|d
020 |a 887652715X 
082 0 4 |a 262.933  |b KUB  |2 21 
100 0 |a Kubiak, Piotr  |e author  |9 477203 
245 1 2 |a L'assoluzione generale nel Codice di Diritto Canonico, cann. 961-963, alla luce della dottrina del Concilio di Trento sull'integrità della confessione sacramentale 
300 |a 210 p 
942 |c BK 
945 |d 20030728 00:00:00  |a cmena 
260 |a Roma  |b Pontificia Università Gregoriana  |c 1996 
650 7 |a DERECHO CANONICO  |2 CL-VaPUC  |9 477204 
650 7 |a CONFESION  |2 CL-VaPUC  |9 314483 
650 0 |a Sacramentos   |9 257270 
650 0 |a Concilio de Trento  |9 318307 
583 |a last modification  |c 20130925 04:59:34  |k Rodrigo Vera 
490 0 |a Tesi Gregoriana. Serie Diritto Canonico, 7 
999 |c 304368  |d 304366 
952 |0 0  |1 0  |4 0  |6 262_933000000000000_KUB_1996  |7 0  |8 A  |9 366397  |a BIBDER  |b BIBDER  |d 2019-11-21  |i 3923037  |o 262.933 KUB 1996  |p 3923037  |r 2023-01-25  |w 2019-11-21  |y BK  |k DER